00457nam a2200229Ia 450000500170000000800460001703700070006304000080007004000080007804000080008604100080009404100080010208400120011008400080012210000120013024500260014224500120016826000110018026000180019126000090020930000090021820260401122119.0008 250103s9999 xx 000 0 eng d aTB aEDL beng cEDL 2eng aeng a842 MOL qEDL aMoliere 0aMiser and Other Plays 0cMoliere aLondon bPenguin Books c2000 a304p